<?xml version="1.0" encoding="UTF-8"?>
<record
    xmlns:xsi="http://www.w3.org/2001/XMLSchema-instance"
    xsi:schemaLocation="http://www.loc.gov/MARC21/slim http://www.loc.gov/standards/marcxml/schema/MARC21slim.xsd"
    xmlns="http://www.loc.gov/MARC21/slim">

  <leader>008450000a22001210004500</leader>
  <datafield tag="100" ind1="1" ind2=" ">
    <subfield code="a">Dennis, Rebeca</subfield>
  </datafield>
  <datafield tag="245" ind1="1" ind2="0">
    <subfield code="a">Manejo de los riesgos cotidianos.</subfield>
  </datafield>
  <datafield tag="300" ind1=" " ind2=" ">
    <subfield code="a">no.79 (sep., 2009), p.1</subfield>
  </datafield>
  <datafield tag="520" ind1=" " ind2=" ">
    <subfield code="a">Desde el momento en que nos despertamos cada ma&#xF1;ana nos enfrentamos a una serie de riesgos- cuando viajamos, cuando comemos y en nuestras relaciones. Algunos de los riesgos que enfrentamos son m&#xE1;s graves que otros. No es posible vivir la vida sin enfrentar riesgos  ni decidir como manejarlos. A menudo, hacemos una evaluaci&#xF3;n del riesgo autom&#xE1;ticamente-al tomar una decisi&#xF3;n instant&#xE1;nea sobre c&#xF3;mo responder con base en nuestra experiencia  y conocimientos. Por ejemplo, si hay probabilidades de una tormenta, cerramos las ventanas y hacemos entrar a los ni&#xF1;os a la casa.</subfield>
  </datafield>
  <datafield tag="650" ind1="1" ind2="4">
    <subfield code="a">RIESGOS</subfield>
  </datafield>
  <datafield tag="773" ind1="0" ind2=" ">
    <subfield code="t">Paso a Paso</subfield>
  </datafield>
  <datafield tag="942" ind1=" " ind2=" ">
    <subfield code="c">ANA</subfield>
  </datafield>
  <datafield tag="952" ind1=" " ind2=" ">
    <subfield code="0">0</subfield>
    <subfield code="1">0</subfield>
    <subfield code="4">0</subfield>
    <subfield code="7">0</subfield>
    <subfield code="8">HEM</subfield>
    <subfield code="a">FUSBC</subfield>
    <subfield code="b">FUSBC</subfield>
    <subfield code="d">2016-01-26</subfield>
    <subfield code="l">0</subfield>
    <subfield code="o"> </subfield>
    <subfield code="r">2016-01-26 00:00:00</subfield>
    <subfield code="w">2016-01-26</subfield>
    <subfield code="y">ANA</subfield>
  </datafield>
  <datafield tag="999" ind1=" " ind2=" ">
    <subfield code="c">63079</subfield>
    <subfield code="d">63079</subfield>
  </datafield>
</record>
